KATSEYE - Paroles My Way - Statistiques

Statistiques générales
  • Ce quiz a été pris 53 fois
  • Le résultat moyen est 272 sur 382
Statistiques - réponses
Hint Réponse % Correct
I
97%
(I
97%
My
97%
my
97%
way
94%
way,
94%
way)
94%
way-ay-ay-ay-ay
94%
a
89%
it
89%
say-ay-ay-ay-ay
89%
can
86%
Bridge | Pré-refrain Oh,
86%
oh)
86%
(Ooh)
86%
did
83%
(Did
83%
to
83%
up
83%
up,
83%
that
81%
That
81%
Couplet 1 Wake
78%
least
78%
Least
78%
(Least
78%
do
75%
if
75%
I'm
75%
me?
75%
me
75%
So
75%
so
75%
and
72%
And
72%
Refrain At
72%
house
72%
make
72%
mistakes
72%
what
72%
'cause
69%
'Cause
69%
loud
69%
never
69%
Sometimes
69%
told
69%
too
69%
all
67%
mad
67%
million
67%
we
67%
Even
64%
Hands
64%
in
64%
stayed
64%
win
64%
with
64%
don't
61%
Momma's
61%
wrong
61%
gets
58%
out
58%
see
58%
wanna
58%
Careful
56%
down
56%
(Down)
56%
like
56%
Like
56%
no
56%
no)
56%
(No)
56%
what's
56%
Yeah,
56%
your
56%
heart
53%
keys
53%
mess
53%
wait
53%
lose
50%
shouldn't
50%
Barbie
47%
bre-e-e-e-eaks
47%
dad's
47%
girls
47%
M3
47%
slowin'
47%
those
47%
burns
44%
dolls
44%
Gas
44%
miss
44%
Sneakin'
44%
they
44%
town
44%
(Town)
44%
flyin'
42%
pedal
42%
pink
42%
showin'
42%
'til
42%
tryna
42%
95,
39%
firework
39%
for
39%
of
39%
Pickin'
39%
pull
39%
their
39%
Big
36%
box
36%
couple
36%
curls
36%
fit
36%
growin'
36%
kinda
36%
naive
36%
now
36%
Now
36%
someone
36%
them
36%
tried
36%
being
33%
meet
33%
stare
33%
today
33%
young,
33%
apart,
31%
eastbound
31%
live
31%
over
31%
realize
31%
couldn't
28%
dumb
28%
hair
25%
just
25%
seems,
25%
ain't
22%
still
22%
Couplet 2 Thick
22%
Found
17%
Aucun quiz correspondant
Distribution des résultats
% des personnes avec chaque résultat
Percentile par nombre de réponses
Votre historique - résultats
Vous n’avez pas pris ce quiz